书目信息 |
| 题名: |
中华之光
|
|
| 作者: | ;人民体育出版社 编辑 | |
| 分册: | ||
| 出版信息: | 北京 人民体育出版社 1984 |
|
| 页数: | 全1册 | |
| 开本: | 26cm | |
| 丛书名: | ||
| 单 册: | ||
| 中图分类: | G812.64 | |
| 科图分类: | ||
| 主题词: | 奥运会,第23届--摄影集 | |
| 电子资源: | ||
| ISBN: | ||
| 000 | 00714nam0 2200229 45 | |
| 001 | 0184000096 | |
| 005 | 20060810094659.76 | |
| 010 | @dCNY10.00 | |
| 100 | @a19960327d1984 em y0chiy0121 ea | |
| 101 | 0 | @achi |
| 102 | @aCN@b110000 | |
| 102 | @aCN@b110000 | |
| 105 | @aa z 000yy | |
| 200 | 10 | @a中华之光@Azhong hua zhi guang@e中国健儿在第23届奥运会上@f人民体育出版社编辑 |
| 210 | @a北京@c人民体育出版社@d1984 | |
| 215 | @a全1册@d26cm | |
| 517 | 1 | @a中国健儿在第23届奥运会上@Azhong guo jian er zai di 23 jie ao yun hui shang |
| 606 | @a奥运会,第23届@x摄影集 | |
| 690 | @aG812.64@v3 | |
| 711 | 02 | @a人民体育出版社@Aren min ti yu chu ban she@4编辑 |
| 801 | 0 | @aCN@bTSSF@c20060810 |
| 905 | @a10447@dG812.64@e37 | |
| 中华之光:中国健儿在第23届奥运会上/人民体育出版社编辑.-北京:人民体育出版社,1984 |
| 全1册;26cm |
| ISBN :CNY10.00 |
| ● |
| 相关链接 |
|
|
|
|
正题名:中华之光
索取号:G812.64/37
 
预约/预借
| 序号 | 登录号 | 条形码 | 馆藏地/架位号 | 状态 | 备注 |
| 1 | 0448333 | 204483335 | 密集书库/ [索取号:G812.64/37] | 在馆 |